书目信息 |
| 题名: |
皇帝与秀才
|
|
| 作者: | 史景迁 著 ;邱辛晔 译 | |
| 分册: | ||
| 出版信息: | 上海 上海远东出版社 2005 |
|
| 页数: | 321页 | |
| 开本: | 21cm | |
| 丛书名: | 美国史学大师史景迁中国研究系列 | |
| 单 册: | ||
| 中图分类: | K249.205 | |
| 科图分类: | ||
| 主题词: | 吕留良文选案--研究 | |
| 电子资源: | ||
| ISBN: | 7-80661-490-7 | |
| 000 | 01110nam0 2200289 450 | |
| 001 | TS2006035580 | |
| 005 | 20061227082659.28 | |
| 010 | @a7-80661-490-7@dCNY25.00 | |
| 100 | @a20060829d2005 em y0chiy0110 ea | |
| 101 | 1 | @achi@ceng |
| 102 | @aCN@b310000 | |
| 105 | @ay z 000yy | |
| 200 | 1 | @a皇帝与秀才@Ahuang di yu xiu cai@e皇权游戏中的文人悲剧@f(美)史景迁(Jonathan D.Spence)著@g邱辛晔译 |
| 210 | @a上海@c上海远东出版社@d2005 | |
| 215 | @a321页@d21cm | |
| 225 | 2 | @a美国史学大师史景迁中国研究系列 |
| 330 | @a本书参考清代档案、谕旨、奏折及多种研究著作,用生动的语言讲述了清代的文字狱,反映了中国古代君权与知识分子的关系以及旧文人的宿命。 | |
| 410 | 0 | @12001 @a美国史学大师史景迁中国研究系列 |
| 500 | 10 | @a皇帝与秀才@Ahuang di yu xiu cai |
| 510 | 1 | @aTreason by the Book@zeng |
| 517 | 1 | @a皇权游戏中的文人悲剧@Ahuang quan you xi zhong de wen ren bei ju |
| 606 | 0 | @a吕留良文选案@x研究 |
| 690 | @aK249.205@v4 | |
| 701 | 0 | @c(美)@a史景迁@Ashi jing qian@c(Spence, Jonathan D.@f1936~)@4著 |
| 702 | 0 | @a邱辛晔@Aqiu xin ye@4译 |
| 801 | 0 | @aCN@b中图数据@c20061227 |
| 905 | @a10447@dK249.205@e85 | |
| 皇帝与秀才:皇权游戏中的文人悲剧/(美)史景迁(Jonathan D.Spence)著/邱辛晔译.-上海:上海远东出版社,2005 |
| 321页;21cm.-(美国史学大师史景迁中国研究系列) |
| ISBN 7-80661-490-7:CNY25.00 |
| 本书参考清代档案、谕旨、奏折及多种研究著作,用生动的语言讲述了清代的文字狱,反映了中国古代君权与知识分子的关系以及旧文人的宿命。 |
| ● |
| 相关链接 |
|
|
|
|
正题名:皇帝与秀才
索取号:K249.205/85
 
预约/预借
| 序号 | 登录号 | 条形码 | 馆藏地/架位号 | 状态 | 备注 |
| 1 | 0617020 | 206170203 | 第二样本阅览室/ [索取号:K249.205/85] | 在馆 | |
| 2 | 0617021 | 206170212 | 第二借阅区/ [索取号:K249.205/85] | 在馆 | |
| 3 | 0617022 | 206170221 | 第二借阅区/ [索取号:K249.205/85] | 在馆 | |
| 4 | 0617023 | 206170230 | 第二借阅区/ [索取号:K249.205/85] | 在馆 | |
| 5 | 0617024 | 206170249 | 第二借阅区/ [索取号:K249.205/85] | 在馆 | |
| 6 | 0617025 | 206170258 | 第二借阅区/ [索取号:K249.205/85] | 在馆 |